02690nam a22002777a 4500003000900000005001700009007000300026008004100029040002500070082002400095110009700119245016700216260003800383300002800421505029200449505072900741505054101470505012202011650004602133650004002179650003902219650003202258650005402290700003502344700003302379DO-SdBNP20211129133213.0ta211126b2019 a|||e |||| 001 0 spa d aDO-SdBNPbspacBNPHU4 222a343.0946bI597m1 aInstituto Universitario de Tráfico y Seguridad Vial de la Universidad de Valencia (INTRAS)10aManual de conducción y seguridad vial :blicencia categoría 02. conocimientos específicos para la conducción de vehículos livianos de motor / c(INTRAS) aSanto Domingo] :bINTRANT,c2019. a71 p. : bil. ;c21 cm. aParte 1. Requisitos para la conducción de vehículos livianos.t.1 Requisitos previos --t1.2. Vehículos que autoriza a conducir las categorías 02 --t1.3. La licencia de conducir de categoría 02 --t1.3.1. La obtención de una licencia de categoría 02 --t1.3.2. Vigencia -- aParte 2. El vehículo liviano.t2.1.1. El motro --t2.1.2. El sistema de alimentación --t2.1.3. El sistema de escape --t2.1.4. El sistema de lubricación --t2.1.5. El sistema de refrigeración --t2.1.6. El equipo eléctrico --t2.1.7. La batería --t2.1.8. El sistema de carga -- t2.1.9. El sistema de arranque --t2.1.10. El sistema de encendido --t2.1.11. El sistema de iluminacióm --t2.1.12. El sistema de transmisión --t2.1.13. El sistema de dirección --t2.1.14. El sistema de suspensión --t2.1.15. El sistema de frenado --t2.1.16. Ruedas y gomas --t2.2. Elementos de seguridad del vehículo --t2.2.1. La seguridad activa --t2.2.2. Seguridad pasiva --t2.2.3. El puesto de conducción -- aParte 3. Técnicas de conducción. t3.1 .1 Manejo de Vehículo --t3.1.2. Las curvas --t3.1.6. Deslizamientos --t3.1.3. El factor ambiental y climático --t3.2.1 ¿Qué es maniobra? --t3.2.2. Incorporación a la circulación --t3.2.3. Desplazamientos laterales --t3.2.4 Rebasamiento --t3.2.5. Cambio de dirección --t3.2.6. Cambio de sentido --t3.2.7. Marcha atrás --t3.2.8. Paradas y estacionamiento --t3.3. Técnicas avanzadas de manejo --t3.3.1. El manejo preventido -- t3.3.2. La conducción eficiente --  aParte 4. Reglas de conducción y normas especializas.t4.1. El consumo de alcohol --t4.2. Límites de velocidad --40aConducción de automóviles vManuales 40aConducción xVehículos livianos40aSeñales de tránsito vManuales40aSeguridad vialxEnseñanza40aReglamentos de tránsitozRepública Dominicana1 aDaroqui, SilviaeCoolaboradora1 aApuzzo, SilviaeColaboradora